STANOVENIE VEKU STEBLA PHYLLOSTACHYS VIRIDI-GLAUCESCENS PODĽA MORFOLOGICKÝCH ZNAKOV

Bibliographic Details
Main Author: Steinhübel, Gejza, 1922-2004 (Author)
Format: Article
Language:Slovak

MARC

LEADER 00000nab a2200000uu 4500
001 vtls011452876
003 SK-MaSNL
005 20260303123334.0
008 230213|1954 xo |||||||||||||||||slo|
015 |a SNBRB 
035 |a (urnnbn)urn:nbn:sk:snk:ar-007y7h 
035 |a (uuid)88e2c5f8-c52e-4c1c-a29f-6d7ae465b2fc 
035 |a urn:nbn:sk:snk-abcoib 
040 |a SNKBUCL  |b slo  |c SNKBUCL  |e AACR2 
041 0 |a slo 
044 |a xo  |c SK 
100 1 |a Steinhübel, Gejza,  |d 1922-2004  |4 aut  |9 209874 
245 1 0 |a STANOVENIE VEKU STEBLA PHYLLOSTACHYS VIRIDI-GLAUCESCENS PODĽA MORFOLOGICKÝCH ZNAKOV  |c Gejza Steinhübel 
773 0 |t Biológia : časopis Slovenskej akadémie vied  |g Roč. 9, č. 2 (1954), s. 135-143 
954 |a odborná, vedecká literatúra pôvodná (slovenská)  |2 lita 
958 |a OND 
958 |a EUIPO 
958 |a article16 
999 |c 1925370  |d 1927300